000 00406nam a22001457a 4500
005 20240604110205.0
008 231205b |||||||| |||| 00| 0 eng d
082 _a297.18
_bASL
100 _aMuhammad; Aslam
245 _aDars e Quran Hadees/
_cMuhammad Aslam Sheikhupuri
260 _aKarachi, Pakistan;
_bMaktaba Haleemia;
300 _a489 p.:
_c22.8 cm.
650 _aOther Religion/Islam
999 _c34755
_d34755